000 00697nam a2200253Ia 4500
003 OSt
005 20221006142230.0
006 a|||||r|||| 00| 0
007 ta
008 221006b |||||||| |||| 00| 0 eng d
020 _c227.50
024 _a5,748
037 _cTextual
040 _aEASL
_cEASL
_beng
041 _2eng
_aeng
082 _aX8(A).42.N75, L6
100 _aPATRICK Hugh Ed.
_9237969
245 0 _aJapanese industrialization and its social consequences
260 _aBerkeley
_bUniversity of California Press
_c1976
300 _a504p.
_ccm.
490 _v JEL
942 _hX8(A).42.N75, L6
_cTEXL
_2CC
999 _c1073834
_d1073834